| 000 | 00465nam a22001577a 4500 | ||
|---|---|---|---|
| 999 |
_c30967 _d30967 |
||
| 008 | 210309b ||||| |||| 00| 0 eng d | ||
| 020 | _a9780195747119 | ||
| 050 |
_aPR9381.9. _bK66 |
||
| 100 | _aKombani, Kinyanjui | ||
| 245 |
_aFinding Colombia _cKinyanjui Kombani |
||
| 260 |
_aNairobi;Kenya _bOxford University press East African ltd. _c2018 |
||
| 300 |
_a123p.; _c18cm. |
||
| 650 | _aKenyan fiction (English) | ||
| 650 | _aDrug addicts | ||
| 942 |
_2lcc _cAFRICANA |
||